000 00974nam a22003017a 4500
003 CHAP
005 20220329140928.0
008 971013s1985 r 00010 d
010 _a59935
011 _a60907
035 _a65071
040 _cCHAP
082 _a632.951
_bS5
100 0 0 _aSimental S., Carlos.
_9106152
245 _aAgroquĂ­micos I
_b: insecticidas, acaricidas, ovicidas y nematicidas
260 _aGuadalajara, Jal. :
_bUniversidad de Guadalajara,
_c1985
300 _a134 p.
590 _aBATCH-UPD
_b10
_c20130110
_lUCH01
_h0247
590 _aBATCH-UPD
_b10
_c20130110
_lUCH01
_h1631
590 _aCONVERSION
_b10
_c20130109
_lUCH01
_h1332
650 1 4 _aAcaricidas.
_9404
650 1 4 _aInsecticidas.
_958855
650 1 4 _aNematicidas.
_980808
901 _aBK
942 _cLIBRO
949 _a632.951 S5
_bBC
_cC
_d33724000569984
_eC
_fc.2
_gI. c/e
_h90385
_i65071
_si
_t34.00
949 _a632.951 S5
_bBC
_cC
_d33724002201439
_eC
_gI. c/e
_h90386
_i65071
_si
_t34.00
999 _c59935
_d59935